[Event "Labour Day op"]
[Site "Victoria CAN"]
[Date "2001.09.02"]
[Round "3"]
[White "McKay Jefferson, Matthew"]
[Black "Raymer, Evan"]
[Result "0-1"]
[WhiteElo "897"]
[BlackElo "1269"]
[PlyCount "62"]
[GameId "2160767911550929"]
[EventDate "2001.09.01"]
[EventType "swiss"]
[EventRounds "6"]
[EventCountry "CAN"]
[SourceTitle "EXT 2022"]
[Source "ChessBase"]
[SourceDate "2021.10.06"]
[SourceVersion "1"]
[SourceVersionDate "2021.10.06"]
[SourceQuality "1"]

1. d4 Nf6 2. c4 c5 3. Nf3 cxd4 4. Nxd4 e5 5. Nc2 Bc5 6. e3 d5 7. b4 Be7 8. Nd2 Bf5 9. a3 O-O 10. Bb2 Nbd7 11. Be2 Rc8 12. Rc1 Nb6 13. Na1 Qd6 14. O-O Bd8 15. c5 Qb8 16. cxb6 Bxb6 17. Rxc8 Rxc8 18. a4 Bc7 19. g3 Bh3 20. Re1 b6 21. Nab3 Qb7 22. b5 d4 23. Bf3 e4 24. Bg2 Bxg2 25. Kxg2 dxe3 26. Bxf6 exd2 27. Qg4 dxe1=N+ 28. Kh3 g6 29. Qh4 Bd6 30. Qh6 Qd7+ 31. Kh4 Nf3# 0-1

[Event "Labour Day op"]
[Site "Victoria CAN"]
[Date "2001.09.02"]
[Round "3"]
[White "Tate, William"]
[Black "Scoones, Dan"]
[Result "0-1"]
[WhiteElo "1988"]
[BlackElo "2302"]
[PlyCount "146"]
[GameId "2160767911550930"]
[EventDate "2001.09.01"]
[EventType "swiss"]
[EventRounds "6"]
[EventCountry "CAN"]
[SourceTitle "EXT 2022"]
[Source "ChessBase"]
[SourceDate "2021.10.06"]
[SourceVersion "1"]
[SourceVersionDate "2021.10.06"]
[SourceQuality "1"]

1. d4 Nf6 2. Nf3 g6 3. c4 Bg7 4. Nc3 d5 5. cxd5 Nxd5 6. e4 Nxc3 7. bxc3 c5 8. Bb5+ Bd7 9. Bxd7+ Qxd7 10. O-O cxd4 11. cxd4 Nc6 12. Be3 O-O 13. Qa4 Qg4 14. Nd2 Rfd8 15. f3 Qd7 16. Nb3 Nxd4 17. Qxd7 Rxd7 18. Rad1 Rad8 19. Nxd4 Bxd4 20. Bxd4 Rxd4 21. Rb1 b6 22. Rb2 e5 23. Rc2 Ra4 24. h3 h5 25. h4 Rd3 26. Re1 Kg7 27. Kf2 Kf6 28. Ree2 Ke6 29. Rc6+ Rd6 30. Rc8 Rad4 31. Rc7 Rd7 32. Rc6+ R4d6 33. Rcc2 f5 34. exf5+ gxf5 35. Rc8 Rd8 36. Rc7 Rd4 37. g3 Ra4 38. Rh7 Rd3 39. Rxh5 Raa3 40. Rg5 Rxf3+ 41. Kg2 Kf6 42. Rc2 e4 43. Rc6+ Ke5 44. Rc2 Rac3 45. Rb2 Kf6 46. Rg8 Kf7 47. Rg5 f4 48. gxf4 Rxf4 49. h5 Rcf3 50. Rc2 e3 51. h6 Rf2+ 52. Rxf2 Rxf2+ 53. Kg3 Rf6 54. h7 Rh6 55. Re5 Rxh7 56. Rxe3 Kf6 57. Kg4 Re7 58. Rd3 Ke6 59. Kf3 Rd7 60. Rc3 Kd6 61. Ke3 Rc7 62. Rb3 Rc2 63. Ra3 a5 64. Rd3+ Kc5 65. a3 Kc4 66. Rd6 b5 67. Rc6+ Kb3 68. Rb6 Ka4 69. Kd3 Ra2 70. Rh6 Rxa3+ 71. Kd2 Ra2+ 72. Kd3 Ra3+ 73. Kd2 Ra2+ 0-1

[Event "Labour Day op"]
[Site "Victoria CAN"]
[Date "2001.09.02"]
[Round "4"]
[White "Aquino, Manfrei"]
[Black "Martinovsky, Ian"]
[Result "1-0"]
[WhiteElo "1927"]
[BlackElo "2218"]
[PlyCount "117"]
[GameId "2160767911550931"]
[EventDate "2001.09.01"]
[EventType "swiss"]
[EventRounds "6"]
[EventCountry "CAN"]
[SourceTitle "EXT 2022"]
[Source "ChessBase"]
[SourceDate "2021.10.06"]
[SourceVersion "1"]
[SourceVersionDate "2021.10.06"]
[SourceQuality "1"]

1. d4 c5 2. d5 e5 3. e4 d6 4. c4 g6 5. Nc3 Bg7 6. Bd3 Ne7 7. Bg5 h6 8. Be3 O-O 9. Qd2 Kh7 10. Nge2 f5 11. f4 fxe4 12. Bxe4 Nf5 13. Bxf5 Bxf5 14. fxe5 Bxe5 15. O-O g5 16. Rxf5 Re8 17. Rf7+ Kg8 18. Raf1 Nd7 19. Qd3 Nf8 20. Rxb7 Rb8 21. Rxf8+ Kxf8 22. Qf5+ Qf6 23. Qxf6+ Bxf6 24. Rxb8 Rxb8 25. b3 Re8 26. Kf2 Re7 27. h4 Rf7 28. Ke1 Re7 29. Kd2 Kg7 30. hxg5 hxg5 31. Kd3 g4 32. Bf4 Rd7 33. Ne4 Be7 34. Nf2 Rd8 35. Nxg4 Rh8 36. Ne3 Kg6 37. g4 Rh3 38. Ng3 Bg5 39. Bxg5 Kxg5 40. Ne2 Rh1 41. Nf5 Kxg4 42. Nxd6 Kf3 43. Nc3 Kf4 44. Nb7 Rh3+ 45. Kc2 Rh2+ 46. Kb1 Ke5 47. Nxc5 Kd6 48. N3e4+ Kc7 49. d6+ Kd8 50. Nf6 Rh1+ 51. Kb2 Rh2+ 52. Kc3 Rh3+ 53. Kb4 a5+ 54. Kb5 Re3 55. Nb7+ Kc8 56. d7+ Kxb7 57. d8=Q Re5+ 58. c5 a4 59. Nd7 1-0

[Event "Labour Day op"]
[Site "Victoria CAN"]
[Date "2001.09.02"]
[Round "4"]
[White "Leblanc, Paul"]
[Black "Moore, Harry"]
[Result "0-1"]
[WhiteElo "2043"]
[BlackElo "2254"]
[PlyCount "122"]
[GameId "2160767911550932"]
[EventDate "2001.09.01"]
[EventType "swiss"]
[EventRounds "6"]
[EventCountry "CAN"]
[SourceTitle "EXT 2022"]
[Source "ChessBase"]
[SourceDate "2021.10.06"]
[SourceVersion "1"]
[SourceVersionDate "2021.10.06"]
[SourceQuality "1"]

1. d4 Nf6 2. Nf3 g6 3. Bf4 Bg7 4. e3 d6 5. Bc4 O-O 6. h3 Nbd7 7. O-O b6 8. Nbd2 Bb7 9. c3 c5 10. Re1 cxd4 11. exd4 Nd5 12. Bg5 N5f6 13. Qb3 a6 14. a4 Bc6 15. Bxf6 Nxf6 16. d5 Bb7 17. Re2 Qc7 18. Rae1 Rfe8 19. Nf1 Rac8 20. Ne3 Bh6 21. Nd2 Nh5 22. g3 f5 23. Bd3 f4 24. Ng4 Bg7 25. Kh2 fxg3+ 26. fxg3 Nf6 27. Nxf6+ Bxf6 28. Ne4 Be5 29. Ng5 Qc5 30. c4 Rf8 31. Qc2 Bxd5 32. Bxg6 Bxc4 33. Bxh7+ Kh8 34. Ne4 Bxg3+ 35. Nxg3 Bxe2 36. Qxc5 Rxc5 37. Rxe2 Kxh7 38. Rxe7+ Kg8 39. Ne4 Re5 40. Rxe5 dxe5 41. Kg3 Rf4 42. Nc3 Rb4 43. Kf3 Kf7 44. Nd5 Rxa4 45. Nxb6 Rb4 46. Nd7 Ke6 47. Nc5+ Kf5 48. Nxa6 Rb3+ 49. Kg2 Kf4 50. Nc5 Rxb2+ 51. Kf1 Kf3 52. Ke1 Ke3 53. Kd1 Rd2+ 54. Kc1 Rd6 55. Nb3 Rc6+ 56. Kb2 e4 57. h4 Rh6 58. Kc3 Rc6+ 59. Kb2 Kf2 60. Nd4 Rc8 61. h5 e3 0-1

[Event "Labour Day op"]
[Site "Victoria CAN"]
[Date "2001.09.02"]
[Round "4"]
[White "Nisbet, Rob"]
[Black "Campbell, Jamie"]
[Result "1-0"]
[WhiteElo "1518"]
[BlackElo "1551"]
[PlyCount "51"]
[GameId "2160767911550933"]
[EventDate "2001.09.01"]
[EventType "swiss"]
[EventRounds "6"]
[EventCountry "CAN"]
[SourceTitle "EXT 2022"]
[Source "ChessBase"]
[SourceDate "2021.10.06"]
[SourceVersion "1"]
[SourceVersionDate "2021.10.06"]
[SourceQuality "1"]

1. d4 Nf6 2. c4 e5 3. e3 exd4 4. exd4 Bb4+ 5. Nc3 O-O 6. Nf3 Re8+ 7. Be2 Qe7 8. h3 d5 9. Be3 Ne4 10. Qb3 Bxc3+ 11. bxc3 Nxf2 12. Kxf2 Qxe3+ 13. Kg3 Nd7 14. Rae1 Nf6 15. Rhf1 Ne4+ 16. Kh2 Qf4+ 17. Kg1 Bxh3 18. Bd3 dxc4 19. Bxc4 Be6 20. Bxe6 Rxe6 21. Ne5 Qh4 22. Qxb7 Rae8 23. Rxe4 Rb6 24. Qd5 Qe7 25. Nxf7 Re6 26. Ng5 1-0

[Event "Labour Day op"]
[Site "Victoria CAN"]
[Date "2001.09.02"]
[Round "4"]
[White "Paulson, Stewart"]
[Black "Raymer, Elliot"]
[Result "1-0"]
[WhiteElo "1537"]
[BlackElo "1128"]
[PlyCount "63"]
[GameId "2160767911550934"]
[EventDate "2001.09.01"]
[EventType "swiss"]
[EventRounds "6"]
[EventCountry "CAN"]
[SourceTitle "EXT 2022"]
[Source "ChessBase"]
[SourceDate "2021.10.06"]
[SourceVersion "1"]
[SourceVersionDate "2021.10.06"]
[SourceQuality "1"]

1. d4 Nf6 2. Nf3 d6 3. c4 c5 4. d5 b5 5. b3 Qb6 6. e3 g6 7. Bb2 Bg7 8. Nbd2 O-O 9. Bd3 Bg4 10. O-O Bxf3 11. Nxf3 a5 12. Re1 Nbd7 13. Rc1 Rac8 14. Rc2 Rfe8 15. Ree2 e6 16. e4 Rb8 17. Re3 Qc7 18. h4 Ne5 19. Nxe5 dxe5 20. Rg3 Nh5 21. Re3 Bh6 22. Rf3 Nf4 23. Qa1 f6 24. Bf1 exd5 25. cxd5 Qd7 26. g3 Nh5 27. Kh2 Qg4 28. Qd1 Rbc8 29. Bh3 Qxf3 30. Qxf3 c4 31. Bxc8 Rxc8 32. Rc1 1-0

[Event "Labour Day op"]
[Site "Victoria CAN"]
[Date "2001.09.02"]
[Round "4"]
[White "Wu, Howard"]
[Black "Stanford, Mike"]
[Result "1/2-1/2"]
[WhiteElo "2226"]
[BlackElo "2187"]
[PlyCount "30"]
[GameId "2160767911550935"]
[EventDate "2001.09.01"]
[EventType "swiss"]
[EventRounds "6"]
[EventCountry "CAN"]
[SourceTitle "EXT 2022"]
[Source "ChessBase"]
[SourceDate "2021.10.06"]
[SourceVersion "1"]
[SourceVersionDate "2021.10.06"]
[SourceQuality "1"]

1. e4 c5 2. Nf3 e6 3. d4 cxd4 4. Nxd4 Nf6 5. Nc3 d6 6. Bg5 Be7 7. f4 h6 8. Bxf6 Bxf6 9. Ndb5 Be7 10. Qf3 a6 11. Nd4 Qc7 12. O-O-O Nc6 13. Bc4 Nxd4 14. Rxd4 Bf6 15. e5 dxe5 1/2-1/2

[Event "Labour Day op"]
[Site "Victoria CAN"]
[Date "2001.09.03"]
[Round "4"]
[White "Scoones, Dan"]
[Black "Poitras, Luc"]
[Result "1-0"]
[WhiteElo "2302"]
[BlackElo "2199"]
[PlyCount "93"]
[GameId "2160767911550936"]
[EventDate "2001.09.01"]
[EventType "swiss"]
[EventRounds "6"]
[EventCountry "CAN"]
[SourceTitle "EXT 2022"]
[Source "ChessBase"]
[SourceDate "2021.10.06"]
[SourceVersion "1"]
[SourceVersionDate "2021.10.06"]
[SourceQuality "1"]

1. Nf3 c5 2. c4 Nf6 3. Nc3 Nc6 4. d4 cxd4 5. Nxd4 e6 6. g3 a6 7. Bg2 Qb6 8. Nc2 Be7 9. O-O O-O 10. b3 Rd8 11. Be3 Qa5 12. Na4 Qh5 13. Bb6 Re8 14. e4 Qxd1 15. Rfxd1 d6 16. Bc7 e5 17. Nb6 Ra7 18. Bxd6 Bg4 19. f3 Bd8 20. Nd5 Bc8 21. Bc5 Ra8 22. Nb6 Bxb6 23. Bxb6 Be6 24. Ne3 Nd7 25. Bc7 Nd4 26. Kf2 f6 27. Bf1 Kf7 28. Ba5 g6 29. Bc3 Nc6 30. Bd3 a5 31. a3 Nc5 32. Bc2 b6 33. b4 Nd7 34. Ba4 Rec8 35. Rd6 Ndb8 36. Bb5 axb4 37. axb4 Rxa1 38. Bxa1 Ke7 39. c5 Nxb4 40. Rxb6 N4c6 41. Bxc6 Nxc6 42. Nd5+ Kf8 43. Nxf6 h5 44. Nd5 Bd7 45. Bc3 Be8 46. Bd2 Nd4 47. Bh6+ 1-0

[Event "Labour Day op"]
[Site "Victoria CAN"]
[Date "2001.09.03"]
[Round "5"]
[White "Campbell, Jamie"]
[Black "Gorgevik, Kristijan"]
[Result "1-0"]
[WhiteElo "1551"]
[BlackElo "1197"]
[PlyCount "78"]
[GameId "2160767911550937"]
[EventDate "2001.09.01"]
[EventType "swiss"]
[EventRounds "6"]
[EventCountry "CAN"]
[SourceTitle "EXT 2022"]
[Source "ChessBase"]
[SourceDate "2021.10.06"]
[SourceVersion "1"]
[SourceVersionDate "2021.10.06"]
[SourceQuality "1"]

1. Nf3 d5 2. c4 c6 3. b3 Bf5 4. g3 Nf6 5. Bg2 Nbd7 6. O-O e5 7. d3 Bc5 8. Bb2 Ng4 9. h3 Nxf2 10. Rxf2 Bxf2+ 11. Kxf2 Qf6 12. Kg1 O-O 13. Nbd2 Rfe8 14. e4 Be6 15. Qe2 d4 16. Rf1 Qe7 17. Nh2 g6 18. Bf3 Bxh3 19. Rf2 f5 20. exf5 Bxf5 21. Be4 Bxe4 22. Nxe4 b5 23. Nf1 Rf8 24. Bxd4 Rxf2 25. Bxf2 b4 26. Nfd2 c5 27. Qe3 Rc8 28. Qg5 Qxg5 29. Nxg5 a5 30. Nge4 Kf7 31. Nd6+ Kf6 32. Nxc8 g5 33. Ne4+ Kf5 34. Nxc5 Nf6 35. Nb7 Ng4 36. Nxa5 h6 37. Nd6+ Ke6 38. Ne4 Kf5 39. Nc6 h5 1-0

[Event "Labour Day op"]
[Site "Victoria CAN"]
[Date "2001.09.03"]
[Round "5"]
[White "Martinovsky, Ian"]
[Black "Leblanc, Paul"]
[Result "0-1"]
[WhiteElo "2216"]
[BlackElo "2043"]
[PlyCount "120"]
[GameId "2160767911550938"]
[EventDate "2001.09.01"]
[EventType "swiss"]
[EventRounds "6"]
[EventCountry "CAN"]
[SourceTitle "EXT 2022"]
[Source "ChessBase"]
[SourceDate "2021.10.06"]
[SourceVersion "1"]
[SourceVersionDate "2021.10.06"]
[SourceQuality "1"]

1. Nf3 d5 2. g3 Nf6 3. Bg2 Bf5 4. c4 c6 5. O-O Nbd7 6. cxd5 cxd5 7. Qa4 e6 8. d3 Bd6 9. Nd4 Bg6 10. Nb5 Be5 11. Qb4 Qe7 12. Qxe7+ Kxe7 13. f4 Bb8 14. b3 h5 15. h3 Rc8 16. Bd2 a6 17. Bb4+ Ke8 18. N5c3 Ba7+ 19. Kh2 Bd4 20. f5 Bxf5 21. e4 dxe4 22. dxe4 Nxe4 23. Bxe4 Bxe4 24. Nxe4 Rc2+ 25. Nbd2 Bxa1 26. Nd6+ Kd8 27. Rxa1 Ne5 28. Rd1 Kc7 29. Kg1 a5 30. Nb5+ Kb6 31. Nd4 Rxa2 32. Bd6 Nc6 33. Nc4+ Ka6 34. Nxc6 bxc6 35. Bf4 f6 36. Rd7 Ra7 37. Rd8 a4 38. Be3 axb3 39. Bxa7 Kxa7 40. Rd1 b2 41. Kf1 Ka6 42. Nd2 Kb5 43. Ke2 Kb4 44. Nb1 Ra5 45. Rd6 Re5+ 46. Kd2 Rd5+ 47. Rxd5 cxd5 48. Kc2 Kc4 49. g4 hxg4 50. hxg4 Kd4 51. Nd2 b1=Q+ 52. Nxb1 Ke4 53. g5 fxg5 54. Nc3+ Kf3 55. Nb5 g4 56. Nd4+ Kf2 57. Nxe6 g3 58. Nf4 g2 59. Kd3 g5 60. Nh3+ Kf1 0-1

[Event "Labour Day op"]
[Site "Victoria CAN"]
[Date "2001.09.03"]
[Round "5"]
[White "Moore, Harry"]
[Black "Scoones, Dan"]
[Result "1/2-1/2"]
[WhiteElo "2254"]
[BlackElo "2302"]
[PlyCount "115"]
[GameId "2160767911550939"]
[EventDate "2001.09.01"]
[EventType "swiss"]
[EventRounds "6"]
[EventCountry "CAN"]
[SourceTitle "EXT 2022"]
[Source "ChessBase"]
[SourceDate "2021.10.06"]
[SourceVersion "1"]
[SourceVersionDate "2021.10.06"]
[SourceQuality "1"]

1. e4 d5 2. exd5 Nf6 3. d4 Nxd5 4. Nf3 g6 5. c4 Nb6 6. Nc3 Bg7 7. c5 Nd5 8. Bc4 c6 9. O-O Be6 10. Qb3 Nxc3 11. bxc3 Bxc4 12. Qxc4 b5 13. Qe2 e6 14. a4 a6 15. axb5 cxb5 16. Qe4 Qd5 17. Qxd5 exd5 18. Re1+ Kd8 19. Ne5 Ra7 20. Bf4 Kc8 21. Kf1 Rd8 22. Nd3 Nc6 23. Bg5 f6 24. Bxf6 Bxf6 25. Re6 Nxd4 26. Rxf6 Nb3 27. Raxa6 Rxa6 28. Rxa6 d4 29. Rc6+ Kb7 30. Rb6+ Kc7 31. Rxb5 dxc3 32. Rxb3 Rxd3 33. Ke2 c2 34. Rxd3 c1=Q 35. Re3 Qg1 36. Rg3 Qxh2 37. Kf3 Qh5+ 38. Ke3 Qxc5+ 39. Ke2 Qc2+ 40. Ke1 Kd6 41. Re3 h5 42. Kf1 g5 43. g3 h4 44. gxh4 gxh4 45. Kg2 Kd5 46. Kg1 Qd1+ 47. Kg2 Qg4+ 48. Kh2 Kd4 49. Rh3 Ke5 50. Re3+ Kf5 51. Rh3 Qe2 52. Kg2 Kg4 53. Re3 Qc2 54. Rh3 Qc6+ 55. Kh2 Kg5 56. Re3 Kh5 57. Rh3 Kg4 58. Re3 1/2-1/2

[Event "Labour Day op"]
[Site "Victoria CAN"]
[Date "2001.09.03"]
[Round "5"]
[White "Stanford, Mike"]
[Black "Aquino, Manfrei"]
[Result "1/2-1/2"]
[WhiteElo "2187"]
[BlackElo "1927"]
[PlyCount "48"]
[GameId "2160767911550940"]
[EventDate "2001.09.01"]
[EventType "swiss"]
[EventRounds "6"]
[EventCountry "CAN"]
[SourceTitle "EXT 2022"]
[Source "ChessBase"]
[SourceDate "2021.10.06"]
[SourceVersion "1"]
[SourceVersionDate "2021.10.06"]
[SourceQuality "1"]

1. e4 e5 2. f4 Bc5 3. Nf3 d6 4. c3 Nf6 5. d4 exd4 6. cxd4 Bb6 7. Nc3 O-O 8. e5 dxe5 9. fxe5 Nd5 10. Bg5 Nxc3 11. bxc3 Qd5 12. Be2 Bg4 13. Qd2 c6 14. Bh4 Nd7 15. Bg3 f6 16. O-O fxe5 17. Nxe5 Nxe5 18. Bxe5 Qxe5 19. Bxg4 Qd6 20. Qe2 Rae8 21. Rxf8+ Rxf8 22. Rf1 Rxf1+ 23. Kxf1 Qf4+ 24. Qf3 Qxf3+ 1/2-1/2

[Event "Labour Day op"]
[Site "Victoria CAN"]
[Date "2001.09.03"]
[Round "5"]
[White "Wu, Howard"]
[Black "Long, Hugh"]
[Result "1-0"]
[WhiteElo "2226"]
[BlackElo "1897"]
[PlyCount "109"]
[GameId "2160767911550941"]
[EventDate "2001.09.01"]
[EventType "swiss"]
[EventRounds "6"]
[EventCountry "CAN"]
[SourceTitle "EXT 2022"]
[Source "ChessBase"]
[SourceDate "2021.10.06"]
[SourceVersion "1"]
[SourceVersionDate "2021.10.06"]
[SourceQuality "1"]

1. c4 e5 2. Nc3 Nf6 3. g3 Nc6 4. Bg2 Be7 5. e3 O-O 6. Nge2 d6 7. O-O Na5 8. d3 c5 9. a3 Nc6 10. Rb1 Rb8 11. b4 a6 12. Bd2 Bd7 13. b5 Na7 14. Qc2 axb5 15. cxb5 d5 16. b6 Nc8 17. Nxd5 Nxd5 18. Bxd5 Bh3 19. Bg2 Bxg2 20. Kxg2 Ra8 21. Rb3 Nxb6 22. Rfb1 c4 23. dxc4 Nxc4 24. Qxc4 Qxd2 25. R1b2 Qa5 26. Rxb7 Qxa3 27. R2b3 Qd6 28. Rd3 Qc5 29. Qxc5 Bxc5 30. Rd5 Ba3 31. Rxe5 Rab8 32. Ra7 Bb2 33. Ree7 Bf6 34. Red7 Rfd8 35. Nf4 Rxd7 36. Rxd7 g6 37. Nd5 Bb2 38. e4 Kg7 39. f4 Rc8 40. e5 Kf8 41. Nf6 h6 42. Kf3 Ba1 43. g4 Rc3+ 44. Ke4 Rc4+ 45. Kd3 Rc3+ 46. Kd2 Rc8 47. h4 Bb2 48. Rb7 Bc1+ 49. Kd3 Bxf4 50. Ke4 Bg3 51. h5 g5 52. Kf5 Kg7 53. Ne4 Bf4 54. e6 Rd8 55. Rxf7+ 1-0

[Event "Labour Day op"]
[Site "Victoria CAN"]
[Date "2001.09.03"]
[Round "6"]
[White "Gorgevik, Kristijan"]
[Black "McKay Jefferson, Matthew"]
[Result "1-0"]
[WhiteElo "1197"]
[BlackElo "897"]
[PlyCount "69"]
[GameId "2160767911550942"]
[EventDate "2001.09.01"]
[EventType "swiss"]
[EventRounds "6"]
[EventCountry "CAN"]
[SourceTitle "EXT 2022"]
[Source "ChessBase"]
[SourceDate "2021.10.06"]
[SourceVersion "1"]
[SourceVersionDate "2021.10.06"]
[SourceQuality "1"]

1. d4 g6 2. Nf3 Bg7 3. g3 Nf6 4. Bg2 d5 5. O-O O-O 6. Nc3 c6 7. Bf4 Bg4 8. h3 Be6 9. Ng5 Bc8 10. e4 h6 11. e5 hxg5 12. exf6 exf6 13. Be3 Qb6 14. b3 f5 15. Re1 Re8 16. Na4 Qd8 17. Qd2 f6 18. c4 Bh6 19. Nc3 dxc4 20. bxc4 Be6 21. d5 cxd5 22. cxd5 Bf7 23. d6 Qd7 24. Bc5 f4 25. Nd5 Rxe1+ 26. Rxe1 Qd8 27. Nc7 fxg3 28. fxg3 b6 29. Ba3 Nd7 30. Nxa8 Qc8 31. Re7 Qc4 32. Rxd7 Kg7 33. Rxf7+ Kxf7 34. Bd5+ Qxd5 35. Qxd5+ 1-0

[Event "Labour Day op"]
[Site "Victoria CAN"]
[Date "2001.09.03"]
[Round "6"]
[White "Nisbet, Rob"]
[Black "Becherer, Michael"]
[Result "1-0"]
[WhiteElo "1518"]
[BlackElo "1650"]
[PlyCount "49"]
[GameId "2160767911550943"]
[EventDate "2001.09.01"]
[EventType "swiss"]
[EventRounds "6"]
[EventCountry "CAN"]

1. e4 e5 2. Nf3 Nf6 3. Nxe5 d6 4. Nxf7 Kxf7 5. d4 Qe7 6. Nc3 g6 7. Bg5 Bg7 8. Bc4+ Be6 9. d5 Bd7 10. f4 h6 11. Bh4 Ke8 12. O-O b5 13. e5 dxe5 14. Bd3 g5 15. fxe5 gxh4 16. exf6 Qc5+ 17. Kh1 Bf8 18. Qf3 Bd6 19. f7+ Kd8 20. Qf6+ Kc8 21. Qxh8+ Bf8 22. Ne4 Qe7 23. Rae1 Kb7 24. d6 cxd6 25. Nc5+ 1-0

[Event "Labour Day op U2200"]
[Site "Toronto CAN"]
[Date "2001.09.01"]
[Round "1"]
[White "Miller, Evgeni"]
[Black "Veltmann, Martin"]
[Result "0-1"]
[WhiteElo "2142"]
[BlackElo "2003"]
[PlyCount "64"]
[GameId "2160767911550944"]
[EventDate "2001.09.01"]
[EventType "swiss"]
[EventRounds "6"]
[EventCountry "CAN"]

1. c4 e5 2. Nc3 Bb4 3. Nf3 Bxc3 4. bxc3 d6 5. g3 Nc6 6. Bg2 Nge7 7. O-O O-O 8. d3 f5 9. Rb1 Rb8 10. Bg5 h6 11. Bxe7 Nxe7 12. c5 b6 13. cxd6 cxd6 14. Qa4 Qc7 15. Rfc1 f4 16. Rb4 fxg3 17. hxg3 Be6 18. Nd2 Nd5 19. Bxd5 Bxd5 20. Rh4 Rf7 21. Qg4 Rbf8 22. Rh2 Qc5 23. Rf1 Qxc3 24. Ne4 Qd4 25. e3 Qxd3 26. Nxd6 Bf3 27. Qe6 Bg4 28. Qxg4 Qxd6 29. Rh5 Rf3 30. Qc4+ Kh8 31. Qe4 Qf6 32. Rh2 Rxg3+ 0-1

[Event "Labour Day op U2200"]
[Site "Toronto CAN"]
[Date "2001.09.01"]
[Round "2"]
[White "Vassanji, Anil"]
[Black "Veltmann, Martin"]
[Result "1/2-1/2"]
[WhiteElo "1947"]
[BlackElo "2033"]
[PlyCount "76"]
[GameId "2160767740584167"]
[EventDate "2001.09.01"]
[EventType "swiss"]
[EventRounds "6"]
[EventCountry "CAN"]

1. e4 c5 2. Nf3 d6 3. d4 cxd4 4. Nxd4 Nf6 5. Nc3 a6 6. Bg5 e6 7. f4 Be7 8. Qf3 Nbd7 9. O-O-O Qc7 10. g4 b5 11. Bxf6 Nxf6 12. g5 Nd7 13. f5 Bxg5+ 14. Kb1 Ne5 15. Qg3 Bf6 16. fxe6 fxe6 17. Bxb5+ axb5 18. Ndxb5 Qc5 19. Nxd6+ Ke7 20. Rhf1 Ng6 21. Qd3 Ne5 22. Qg3 Ng6 23. Qd3 Ra7 24. Ncb5 Rd7 25. Nxc8+ Qxc8 26. Qa3+ Kf7 27. Nd6+ Rxd6 28. Rxd6 Rd8 29. Qa7+ Kg8 30. Rfd1 Rxd6 31. Rxd6 h6 32. Qa6 Qc5 33. Rd1 Qe5 34. Qb7 Nf4 35. a4 Ne2 36. Qb5 Qxe4 37. a5 Nd4 38. Qd3 Qb7 {...} 1/2-1/2

[Event "Labour Day op U2200"]
[Site "Toronto CAN"]
[Date "2001.09.02"]
[Round "3"]
[White "Veltmann, Martin"]
[Black "Pleau, Derek"]
[Result "1/2-1/2"]
[WhiteElo "2033"]
[BlackElo "1942"]
[PlyCount "68"]
[GameId "2160767911550945"]
[EventDate "2001.09.01"]
[EventType "swiss"]
[EventRounds "6"]
[EventCountry "CAN"]

1. c4 Nf6 2. Nc3 g6 3. e4 d6 4. d4 Bg7 5. Nf3 O-O 6. Be2 Nc6 7. d5 Nb8 8. O-O e5 9. Ne1 Nbd7 10. Nd3 Ne8 11. Be3 c5 12. dxc6 bxc6 13. c5 f5 14. cxd6 f4 15. Bc5 Nxc5 16. Nxc5 Qxd6 17. Qxd6 Nxd6 18. Rad1 Rd8 19. Rd2 Kf7 20. Rfd1 Bf8 21. N3a4 Be7 22. f3 Be6 23. b3 Nb5 24. Nxe6 Kxe6 25. Bc4+ Kf6 26. Rxd8 Rxd8 27. Rxd8 Bxd8 28. Bxb5 cxb5 29. Nc3 a6 30. Kf1 Ke6 31. Ke2 Kd6 32. Kd3 h5 33. Nd5 g5 34. h3 Kc5 1/2-1/2

[Event "Labour Day op U2200"]
[Site "Toronto CAN"]
[Date "2001.09.02"]
[Round "4"]
[White "Vadachkoriya, Irakli"]
[Black "Veltmann, Martin"]
[Result "0-1"]
[WhiteElo "2022"]
[BlackElo "2033"]
[PlyCount "54"]
[GameId "2160767911550946"]
[EventDate "2001.09.01"]
[EventType "swiss"]
[EventRounds "6"]
[EventCountry "CAN"]

1. e4 c5 2. Nc3 d6 3. g3 g6 4. Bg2 Bg7 5. f4 Nc6 6. Nf3 e6 7. O-O Nge7 8. d3 O-O 9. g4 f5 10. h3 Rb8 11. exf5 gxf5 12. Be3 e5 13. Nd2 fxg4 14. hxg4 exf4 15. Bxf4 Ng6 16. Bg3 Nce5 17. Rxf8+ Qxf8 18. g5 Be6 19. Qf1 Qe7 20. Nde4 Rf8 21. Qe1 Kh8 22. Qd2 d5 23. Nf6 Bxf6 24. gxf6 Qxf6 25. Rf1 Qxf1+ 26. Kh2 Nf3+ 27. Bxf3 Qh3+ 0-1

[Event "Labour Day op U2200"]
[Site "Toronto CAN"]
[Date "2001.09.03"]
[Round "5"]
[White "Veltmann, Martin"]
[Black "Frilles, Ruperto"]
[Result "0-1"]
[WhiteElo "2033"]
[BlackElo "2110"]
[PlyCount "111"]
[GameId "2160767911550947"]
[EventDate "2001.09.01"]
[EventType "swiss"]
[EventRounds "6"]
[EventCountry "CAN"]

1. c4 c5 2. Nc3 Nc6 3. Nf3 g6 4. g3 Bg7 5. Bg2 d6 6. O-O Nf6 7. d3 O-O 8. Bg5 h6 9. Bd2 Kh7 10. a3 Bd7 11. Rb1 Rb8 12. b4 b6 13. b5 Nd4 14. Nxd4 cxd4 15. Nd5 Nxd5 16. Bxd5 Bh3 17. Bg2 Bxg2 18. Kxg2 d5 19. Qb3 dxc4 20. Qxc4 Rc8 21. Qb3 Rc5 22. Rfc1 Qa8+ 23. f3 Re5 24. Kf2 Qb7 25. Bf4 Rc5 26. Rxc5 bxc5 27. Qc4 e5 28. Bd2 f5 29. Rc1 e4 30. Bf4 exf3 31. exf3 g5 32. Bd6 g4 33. Bxf8 Qxf3+ 34. Ke1 Bxf8 35. Kd2 Qg2+ 36. Kd1 Qh1+ 37. Kc2 Qxh2+ 38. Kb3 Kg7 39. Rf1 Kf6 40. Qd5 c4+ 41. Qxc4 Qxg3 42. Qxd4+ Qe5 43. Qd8+ Qe7 44. Qxe7+ Bxe7 45. a4 Bc5 46. Kc4 Be3 47. d4 g3 48. a5 g2 49. Rb1 g1=Q 50. Rxg1 Bxg1 51. b6 a6 52. b7 Bh2 53. Kc5 Bb8 54. Kb6 f4 55. Kxa6 f3 56. Kb6 0-1

[Event "Labour Day op U2200"]
[Site "Toronto CAN"]
[Date "2001.09.03"]
[Round "6"]
[White "Pauric, Ivan"]
[Black "Veltmann, Martin"]
[Result "1-0"]
[WhiteElo "2055"]
[BlackElo "2033"]
[PlyCount "171"]
[GameId "2160767911550948"]
[EventDate "2001.09.01"]
[EventType "swiss"]
[EventRounds "6"]
[EventCountry "CAN"]

1. d4 Nf6 2. Nf3 g6 3. Bf4 Bg7 4. Nbd2 d5 5. h3 O-O 6. e3 c5 7. c3 b6 8. Bd3 Ba6 9. Qe2 Bxd3 10. Qxd3 Nbd7 11. O-O Re8 12. Rad1 Rc8 13. Rfe1 cxd4 14. exd4 Nb8 15. Ne5 Nc6 16. Qa6 Nh5 17. Bh2 Bxe5 18. Bxe5 Nxe5 19. Rxe5 e6 20. a3 Qc7 21. Rde1 Nf6 22. Qe2 b5 23. g4 a5 24. Rf1 b4 25. axb4 axb4 26. c4 Nd7 27. Re3 dxc4 28. Rc1 Nb6 29. Re5 c3 30. bxc3 bxc3 31. Ne4 Nd5 32. Rxd5 exd5 33. Nf6+ Kf8 34. Nxe8 Rxe8 35. Qf3 c2 36. Qxd5 Qc3 37. Qc5+ Qxc5 38. dxc5 Re2 39. Kf1 Rd2 40. Ke1 Rd7 41. Rxc2 Ke7 42. Ke2 Ke6 43. Ke3 f5 44. gxf5+ gxf5 45. Kf4 h6 46. c6 Rc7 47. Rc5 Kd6 48. Rxf5 Kxc6 49. Rf6+ Kd5 50. Rxh6 Rf7+ 51. Ke3 Re7+ 52. Kf3 Rf7+ 53. Ke2 Re7+ 54. Kf1 Ke5 55. Rh4 Ra7 56. Kg2 Ra3 57. Rg4 Kf5 58. Rb4 Rc3 59. h4 Ra3 60. h5 Kg5 61. Rb5+ Kg4 62. Re5 Ra2 63. Re3 Kxh5 64. Rg3 Rb2 65. Rg8 Rb3 66. f3 Rb2+ 67. Kg3 Rb1 68. Ra8 Kg5 69. Ra5+ Kf6 70. Kg4 Rb8 71. Kf4 Re8 72. Ra6+ Kf7 73. Kf5 Re7 74. f4 Rb7 75. Kg5 Rc7 76. f5 Rb7 77. Ra1 Rc7 78. Rh1 Rc2 79. Rh7+ Kf8 80. Kg6 Rc6+ 81. f6 Kg8 82. Rg7+ Kf8 83. Rf7+ Kg8 84. Re7 Kf8 85. Rd7 Rc8 86. Rh7 1-0